Australia : Staff Report for the 2003 Article IV Consultation.

Australia's economy has continued to perform remarkably well, despite encountering major adverse shocks. Fiscal policy, with an objective of maintaining a balanced budget, will help support the economy. Maintaining a sound and stable macroeconomic environment is essential. Reforms of the person...

詳細記述

書誌詳細
団体著者: International Monetary Fund
フォーマット: 雑誌
言語:English
出版事項: Washington, D.C. : International Monetary Fund, 2003.
シリーズ:IMF Staff Country Reports; Country Report ; No. 2003/337
オンライン・アクセス:Full text available on IMF
LEADER 01673cas a2200241 a 4500
001 AALejournalIMF002731
008 230101c9999 xx r poo 0 0eng d
020 |c 5.00 USD 
020 |z 9781451802054 
022 |a 1934-7685 
040 |a BD-DhAAL  |c BD-DhAAL 
110 2 |a International Monetary Fund. 
245 1 0 |a Australia :   |b Staff Report for the 2003 Article IV Consultation. 
264 1 |a Washington, D.C. :  |b International Monetary Fund,  |c 2003. 
300 |a 1 online resource (51 pages) 
490 1 |a IMF Staff Country Reports 
500 |a <strong>Off-Campus Access:</strong> No User ID or Password Required 
500 |a <strong>On-Campus Access:</strong> No User ID or Password Required 
506 |a Electronic access restricted to authorized BRAC University faculty, staff and students 
520 3 |a Australia's economy has continued to perform remarkably well, despite encountering major adverse shocks. Fiscal policy, with an objective of maintaining a balanced budget, will help support the economy. Maintaining a sound and stable macroeconomic environment is essential. Reforms of the personal income tax system are critical elements. A comprehensive reform of the complex system of income support payments would provide stronger incentives for labor force participation. Maintenance of competitive product markets will contribute to faster innovation and productivity and income growth. The financial system is sound. 
538 |a Mode of access: Internet 
830 0 |a IMF Staff Country Reports; Country Report ;  |v No. 2003/337 
856 4 0 |z Full text available on IMF  |u http://elibrary.imf.org/view/journals/002/2003/337/002.2003.issue-337-en.xml  |z IMF e-Library